000 00447nam a22001697a 4500
005 20180521130524.0
008 160630b xxu||||| |||| 00| 0 eng d
020 _a81-219-2231-1
041 _aeng
082 _b19675
_a511.1
100 _aSarkar, Dr Swapan Kumar
_93297
245 _aA Text Book of Discrete Mathmatics`
260 _aNew Delhi
_bSultan Chand & Sons,
_c2013
300 _a813
650 _aDiploma Engineering
_9817
942 _cBK
999 _c4911
_d4909